Loading...
| Current Events | 2 | 15.00 | 100% | 50% | 0% |
| Fine Arts - Auditory Fine Arts | 7 | 15.71 | 100% | 57% | 0% |
| Fine Arts - Other Fine Arts | 4 | 17.50 | 100% | 25% | 50% |
| Fine Arts - Visual Fine Arts | 5 | 18.00 | 100% | 60% | 20% |
| Geography | 2 | 25.00 | 100% | 100% | 50% |
| History - American History | 6 | 11.67 | 100% | 0% | 17% |
| History - European History | 7 | 21.43 | 100% | 86% | 29% |
| History - Other History | 6 | 16.67 | 100% | 50% | 17% |
| History - World History | 5 | 24.00 | 100% | 100% | 40% |
| Literature - American Literature | 7 | 15.71 | 100% | 57% | 0% |
| Literature - British Literature | 4 | 17.50 | 100% | 50% | 25% |
| Literature - European Literature | 5 | 24.00 | 100% | 100% | 40% |
| Literature - World Literature | 6 | 25.00 | 100% | 100% | 50% |
| Mythology | 8 | 20.00 | 100% | 88% | 13% |
| Philosophy | 4 | 20.00 | 100% | 100% | 0% |
| Pop Culture | 3 | 10.00 | 67% | 33% | 0% |
| Popular Culture | 1 | 20.00 | 100% | 100% | 0% |
| Religion | 6 | 16.67 | 100% | 67% | 0% |
| Science - Biology | 4 | 12.50 | 100% | 25% | 0% |
| Science - Chemistry | 5 | 12.00 | 100% | 20% | 0% |
| Science - Other Science | 6 | 18.33 | 100% | 83% | 0% |
| Science - Physics | 6 | 20.00 | 100% | 67% | 33% |
| Social Science | 5 | 14.00 | 100% | 20% | 20% |